Freiburg players (2010-2020) - Statistics

General Stats
  • This quiz has been taken 4 times
  • The average score is 36 of 118
Answer Stats
Rank Player Positions Nationality Matches Goals (assists) Period % Correct
1 Christian Günter LB 232 4 (28) 2012-2020
100%
4 Julian Schuster DM 165 9 (13) 2010-2018
100%
3 Nils Petersen ST 167 76 (17) 2014-2020
100%
12 Vincenzo Grifo LW 103 30 (39) 2015-2017, 2018-2020
100%
29 Admir Mehmedi CF 60 16 (5) 2013-2015
67%
5 Alexander Schwolow GK 158 0 (1) 2013-2014, 2015-2020
67%
38 Çağlar Söyüncü CB 50 1 (1) 2016-2018
67%
14 Cédric Makiadi CM 96 9 (8) 2010-2013
67%
31 Fallou Diagne CB 57 2 (1) 2011-2014
67%
53 Gelson Fernandes DM 30 1 (2) 2013-2014
67%
6 Jonathan Schmid RM 151 25 (31) 2010-2015, 2019-2020
67%
23 Lucas Höler ST 74 13 (5) 2017-2020
67%
33 Luca Waldschmidt ST 53 16 (6) 2018-2020
67%
35 Lukas Kübler RB 52 0 (3) 2016-2020
67%
22 Manuel Gulde CB 75 3 (1) 2016-2020
67%
36 Marc Torrejón CB 51 1 (4) 2014-2017
67%
78 Mark Flekken GK 11 0 (0) 2018-2020
67%
24 Matthias Ginter CB 70 2 (0) 2011-2014
67%
47 Max Kruse CF 34 11 (8) 2012-2013
67%
2 Nicolas Höfler DM 172 7 (10) 2013-2020
67%
8 Oliver Baumann GK 130 0 (1) 2010-2014
67%
59 Ömer Toprak CB 24 0 (0) 2010-2011
67%
39 Papiss Demba Cissé ST 49 31 (4) 2010-2012
67%
16 Pavel Krmas CB 83 4 (2) 2010-2015
67%
52 Roland Sallai RB, RW 31 4 (1) 2018-2020
67%
48 Roman Bürki GK 34 0 (0) 2014-2015
67%
32 Vladimír Darida CM 54 9 (7) 2013-2015
67%
15 Amir Abrashi DM 88 4 (2) 2015-2020
33%
83 Bartosz Kapustka AM 7 1 (0) 2017-2018
33%
84 Brandon Borrello ST 7 0 (0) 2019-2020
33%
75 Caleb Stanko DM 11 0 (0) 2015-2016, 2017-2018
33%
60 Chang-hoon Kwon RW 23 2 (1) 2019-2020
33%
96 Chima Okoroji LB 2 0 (0) 2018-2019
33%
106 Christoph Daferner ST 1 0 (0) 2018-2019
33%
108 Daniel Batz GK 1 0 (0) 2011-2012
33%
20 Daniel Caligiuri RW 77 11 (10) 2010-2013
33%
28 Dominique Heintz CB 62 1 (2) 2018-2020
33%
46 Erik Jendrisek ST 36 2 (7) 2010-2013
33%
34 Felix Klaus RM 52 7 (7) 2013-2015
33%
54 Florian Kath LW 29 1 (0) 2014-2016, 2017-2018
33%
17 Florian Niederlechner ST 82 25 (5) 2015-2019
33%
64 Garra Dembélé ST 19 1 (2) 2011-2013
33%
76 Havard Nielsen ST 11 0 (1) 2015-2017
33%
99 Hendrick Zuck LB 2 0 (0) 2013-2014
33%
25 Immanuel Höhn CB 68 4 (1) 2011-2016
33%
58 Ivan Santini ST 24 1 (2) 2011-2013
33%
9 Janik Haberer CM 118 9 (14) 2016-2020
33%
56 Jérôme Gondorf DM 27 2 (2) 2018-2020
33%
26 Johannes Flum CM 68 6 (5) 2010-2013
33%
77 Jonas Föhrenbach LB 11 1 (0) 2015-2017
33%
13 Karim Guédé ST 102 7 (9) 2011-2018
33%
79 Keven Schlotterbeck CB 9 0 (0) 2018-2019
33%
111 Lino Tempelmann CM 1 0 (0) 2019-2020
33%
94 Luca Itter CB 3 0 (0) 2019-2020
33%
65 Lucas Hufnagel CM 19 1 (3) 2015-2016
33%
27 Marc Oliver Kempf CB 68 7 (3) 2014-2018
33%
87 Mats Møller Dæhli CM 6 0 (0) 2014-2017
33%
19 Maximilian Philipp CF 81 18 (17) 2013-2017
33%
11 Mensur Mujdza RB 104 1 (4) 2010-2016
33%
7 Mike Frantz DM 150 12 (15) 2014-2020
33%
101 Mohamed Dräger RB 2 0 (0) 2017-2018
33%
113 Niclas Thiede GK 1 0 (0) 2019-2020
33%
67 Nico Schlotterbeck CB 17 0 (0) 2018-2020
33%
62 Onur Bulut RB 22 0 (1) 2016-2018
33%
21 Pascal Stenzel RB 76 2 (5) 2015-2019
33%
40 Philipp Lienhart CB 47 0 (1) 2017-2020
33%
102 Rafal Gikiewicz GK 2 0 (0) 2017-2018
33%
18 Robin Koch CB 82 4 (2) 2017-2020
33%
88 Ryan Kent LW 6 0 (0) 2017-2018
33%
66 Sascha Riether RB 19 0 (0) 2014-2015
33%
37 Sebastian Freis ST 51 6 (7) 2011-2015
33%
55 Sebastian Kerk AM, CM 29 1 (0) 2012-2015
33%
71 Stefan Mitrovic CB 14 0 (1) 2014-2015
33%
50 Tim Kleindienst ST 33 2 (3) 2015-2016, 2017-2019
33%
89 Vaclav Pilar LM 6 0 (0) 2013-2014
33%
92 Vincent Sierro CM 4 0 (0) 2017-2018
33%
95 Yannik Keitel DM 3 0 (0) 2019-2020
33%
72 Yoric Ravet RW 14 0 (2) 2017-2019
33%
63 Aleksandar Ignjovski DM 19 0 (0) 2016-2017
0%
93 Amir Falahen ST 3 0 (0) 2015-2016
0%
82 Andreas Hinkel RB 7 0 (0) 2011-2012
0%
42 Anton Putilo AM 46 0 (3) 2010-2013
0%
85 Beg Ferati CB 6 0 (0) 2011-2012
0%
105 Charles-Élie Laprevotte DM 1 0 (0) 2013-2014
0%
107 Christopher Jullien CB 1 0 (0) 2014-2015
0%
97 Daniel Sereinig CB 2 0 (0) 2010-2011
0%
73 Dani Schahin ST 12 0 (0) 2014-2015
0%
81 Danny Williams DM 8 0 (0) 2010-2012
0%
98 Ezequiel Calvente RW 2 0 (0) 2012-2013
0%
109 Fabian Schleusener ST 1 0 (0) 2015-2016
0%
43 Felix Bastians CB 45 0 (10) 2010-2012
0%
68 Francis Coquelin DM 16 0 (0) 2013-2014
0%
86 Georg Niedermeier CB 6 0 (0) 2016-2017
0%
49 Heiko Butscher CB 33 1 (2) 2010-2012
0%
100 Ivica Banovic DM 2 0 (0) 2010-2011
0%
30 Jan Rosenthal CF 60 11 (5) 2010-2013
0%
110 Jonas Meffert DM 1 0 (0) 2016-2017
0%
74 Jonathan Jäger LW 12 0 (1) 2010-2011
0%
69 Kisho Yano ST 15 0 (1) 2010-2011
0%
112 Marc Lais DM 1 0 (0) 2012-2013
0%
44 Marco Terrazzino CF 45 3 (3) 2012-2014, 2017-2019
0%
57 Maximilian Nicu CB 27 0 (5) 2010-2012
0%
90 Michael Lumb LB 5 0 (3) 2011-2012
0%
70 Mike Hanke ST 15 2 (0) 2013-2014
0%
114 Nicolai Lorenzoni DM 1 0 (0) 2013-2014
0%
45 Oliver Barth CB 41 2 (1) 2010-2012
0%
10 Oliver Sorg RB 105 3 (8) 2011-2015
0%
116 Patrick Kammerbauer RB 1 0 (0) 2018-2019
0%
115 Patric Klandt GK 1 0 (0) 2015-2016
0%
80 Philipp Zulechner ST 9 1 (0) 2013-2015
0%
117 Shqipon Bektasi ST 1 0 (0) 2010-2011
0%
91 Simon Pouplin GK 4 0 (0) 2010-2011
0%
41 Stefan Reisinger ST 47 7 (5) 2010-2012
0%
103 Tim Albutat DM 2 0 (0) 2012-2014
0%
118 Tim Schraml DM 1 0 (0) 2013-2014
0%
61 Vegar Hedenstad RB 23 0 (1) 2012-2013, 2015-2016
0%
51 Yacine Abdessadki RW 32 0 (0) 2010-2012
0%
104 Zvonko Pamic CM 2 0 (0) 2010-2011
0%
No matching quizzes found
Score Distribution
Percent of People with Each Score
Percentile by Number Answered
Your Score History
You have not taken this quiz